<?xml version="1.0" encoding="UTF-8"?>
<record
    xmlns:xsi="http://www.w3.org/2001/XMLSchema-instance"
    xsi:schemaLocation="http://www.loc.gov/MARC21/slim http://www.loc.gov/standards/marcxml/schema/MARC21slim.xsd"
    xmlns="http://www.loc.gov/MARC21/slim">

  <leader>00442nam a22001697a 4500</leader>
  <controlfield tag="003">OSt</controlfield>
  <controlfield tag="008">250818b        |||||||| |||| 00| 0 eng d</controlfield>
  <datafield tag="020" ind1=" " ind2=" ">
    <subfield code="a">9788194359753</subfield>
  </datafield>
  <datafield tag="082" ind1=" " ind2=" ">
    <subfield code="a">747 MIK</subfield>
  </datafield>
  <datafield tag="100" ind1=" " ind2=" ">
    <subfield code="a">MITTAL, Nikita</subfield>
  </datafield>
  <datafield tag="245" ind1=" " ind2=" ">
    <subfield code="a">Key of Interior Design - Illustratration of Methods &amp; Principles</subfield>
  </datafield>
  <datafield tag="250" ind1=" " ind2=" ">
    <subfield code="a">1st. ed.</subfield>
  </datafield>
  <datafield tag="260" ind1=" " ind2=" ">
    <subfield code="a">New Delhi,</subfield>
    <subfield code="b">Standard Book House,</subfield>
    <subfield code="c">2021,</subfield>
  </datafield>
  <datafield tag="300" ind1=" " ind2=" ">
    <subfield code="a">140 p.</subfield>
  </datafield>
  <datafield tag="650" ind1=" " ind2=" ">
    <subfield code="a">B. FAD.</subfield>
  </datafield>
  <datafield tag="942" ind1=" " ind2=" ">
    <subfield code="2">ddc</subfield>
    <subfield code="c">BK</subfield>
  </datafield>
  <datafield tag="999" ind1=" " ind2=" ">
    <subfield code="c">13710</subfield>
    <subfield code="d">13710</subfield>
  </datafield>
  <datafield tag="952" ind1=" " ind2=" ">
    <subfield code="0">0</subfield>
    <subfield code="1">0</subfield>
    <subfield code="2">ddc</subfield>
    <subfield code="4">0</subfield>
    <subfield code="7">0</subfield>
    <subfield code="8">BFAD</subfield>
    <subfield code="a">PIETNCR</subfield>
    <subfield code="b">PIETNCR</subfield>
    <subfield code="d">2025-08-11</subfield>
    <subfield code="e">Zafaa Books and Distributers</subfield>
    <subfield code="f">In Rupees</subfield>
    <subfield code="g">1050.00</subfield>
    <subfield code="k">ZBD0211</subfield>
    <subfield code="l">0</subfield>
    <subfield code="o">747 MIK</subfield>
    <subfield code="p">N4298</subfield>
    <subfield code="r">2025-08-18 00:00:00</subfield>
    <subfield code="v">787.50</subfield>
    <subfield code="w">2025-08-11</subfield>
    <subfield code="y">REF</subfield>
  </datafield>
  <datafield tag="952" ind1=" " ind2=" ">
    <subfield code="0">0</subfield>
    <subfield code="1">0</subfield>
    <subfield code="2">ddc</subfield>
    <subfield code="4">0</subfield>
    <subfield code="7">0</subfield>
    <subfield code="8">BFAD</subfield>
    <subfield code="a">PIETNCR</subfield>
    <subfield code="b">PIETNCR</subfield>
    <subfield code="d">2025-08-11</subfield>
    <subfield code="e">Zafaa Books and Distributers</subfield>
    <subfield code="f">In Rupees</subfield>
    <subfield code="g">1050.00</subfield>
    <subfield code="k">ZBD0211</subfield>
    <subfield code="l">0</subfield>
    <subfield code="o">747 MIK</subfield>
    <subfield code="p">N4299</subfield>
    <subfield code="r">2025-08-18 00:00:00</subfield>
    <subfield code="v">787.50</subfield>
    <subfield code="w">2025-08-11</subfield>
    <subfield code="y">BK</subfield>
  </datafield>
  <datafield tag="952" ind1=" " ind2=" ">
    <subfield code="0">0</subfield>
    <subfield code="1">0</subfield>
    <subfield code="2">ddc</subfield>
    <subfield code="4">0</subfield>
    <subfield code="7">0</subfield>
    <subfield code="8">BFAD</subfield>
    <subfield code="a">PIETNCR</subfield>
    <subfield code="b">PIETNCR</subfield>
    <subfield code="d">2025-08-11</subfield>
    <subfield code="e">Zafaa Books and Distributers</subfield>
    <subfield code="f">In Rupees</subfield>
    <subfield code="g">1050.00</subfield>
    <subfield code="k">ZBD0211</subfield>
    <subfield code="l">0</subfield>
    <subfield code="o">747 MIK</subfield>
    <subfield code="p">N4300</subfield>
    <subfield code="r">2025-08-18 00:00:00</subfield>
    <subfield code="v">787.50</subfield>
    <subfield code="w">2025-08-11</subfield>
    <subfield code="y">BK</subfield>
  </datafield>
  <datafield tag="952" ind1=" " ind2=" ">
    <subfield code="0">0</subfield>
    <subfield code="1">0</subfield>
    <subfield code="2">ddc</subfield>
    <subfield code="4">0</subfield>
    <subfield code="7">0</subfield>
    <subfield code="8">BFAD</subfield>
    <subfield code="a">PIETNCR</subfield>
    <subfield code="b">PIETNCR</subfield>
    <subfield code="d">2025-08-11</subfield>
    <subfield code="e">Zafaa Books and Distributers</subfield>
    <subfield code="f">In Rupees</subfield>
    <subfield code="g">1050.00</subfield>
    <subfield code="k">ZBD0211</subfield>
    <subfield code="l">0</subfield>
    <subfield code="o">747 MIK</subfield>
    <subfield code="p">N4301</subfield>
    <subfield code="r">2025-08-18 00:00:00</subfield>
    <subfield code="v">787.50</subfield>
    <subfield code="w">2025-08-11</subfield>
    <subfield code="y">BK</subfield>
  </datafield>
  <datafield tag="952" ind1=" " ind2=" ">
    <subfield code="0">0</subfield>
    <subfield code="1">0</subfield>
    <subfield code="2">ddc</subfield>
    <subfield code="4">0</subfield>
    <subfield code="7">0</subfield>
    <subfield code="8">BFAD</subfield>
    <subfield code="a">PIETNCR</subfield>
    <subfield code="b">PIETNCR</subfield>
    <subfield code="d">2025-08-11</subfield>
    <subfield code="e">Zafaa Books and Distributers</subfield>
    <subfield code="f">In Rupees</subfield>
    <subfield code="g">1050.00</subfield>
    <subfield code="k">ZBD0211</subfield>
    <subfield code="l">0</subfield>
    <subfield code="o">747 MIK</subfield>
    <subfield code="p">N4302</subfield>
    <subfield code="r">2025-08-18 00:00:00</subfield>
    <subfield code="v">787.50</subfield>
    <subfield code="w">2025-08-11</subfield>
    <subfield code="y">BK</subfield>
  </datafield>
</record>
